000 00413nam a2200169 i 4500
001 bg
245 0 _aFizika tverdogo tela.
250 _aVyp. 4.
260 _aCharkow :
_bIzdat. "Visca Skola",
_c1974.
300 _as. 99, nlb. 1, 3 :
_brys., ilustr.
504 _a[Zawiera bibliogr.].
040 _cBPK
041 _apol
080 _a548:538.9
942 _cKS
008 s pl f |000 0 pol
999 _c16009
_d16009
856 _uhttp://koha.tu.koszalin.pl/cgi-bin/koha/opac-detail.pl?biblionumber=16009
_yKatalog online BPK